000 00965nas a2200325 4500
001 BR9805008
003 BR-BrBNA
005 20231205101133.0
007 ta
008 230509b bl.|||p| |||| 00| 00por d
040 _aBR-BrBNA
_bpor
_cBiblioteca Nacional de Agricultura
041 _a(Pt)
072 _aL73
100 1 _aFava, C.D.
100 1 _aStefano, E. de
100 1 _aPituco, E.M.
100 1 _aBilynskyj, M.C.V.
100 1 _aOkuda, L.H.
100 1 _aPozzi, C.R.
100 1 _aVerissimo, C.J.
100 1 _aDemarchi, J.J.A.A.
245 1 _aErradicacao do herpesvirus bovino - 1 (BHV-1)de um rebanho bovino leiteiro em manejo semi-intensivo
650 _aGado Leiteiro
650 _aHerpesvirus
650 _aErradicacao
650 _aManejo
773 0 _tPesquisa Veterinaria Brasileira (Brazil)
_xISSN 0100-736X
_g(Apr-Jun 1998), v. 18(2) p. 65-68
_wBR9805008
909 _a202311
_bLúcia
_c55
_dLúcia Elande
942 _2AGRIS
_n0
_cANA
999 _c159964
_d159964